Toleráns nemzeti kultúrák
Elmentve itt :
| Szerző: | |
|---|---|
| Adatforrás: | Meister |
| Forrásdokumentuma: | Korunk. - 10 sz., 1991, 1210-1212 p. |
| Nyelv: | magyar |
| Kulcsszavak: | politikatörténet művelődéstörténet transzilvanizmus erdélyiség-tudat kisebbségi kérdés nemzetállam Erdély |
| LEADER | 00518nab a2200193 i 4500 | ||
|---|---|---|---|
| 001 | bibPRO00002009 | ||
| 008 | 060524s1991 xx hun | ||
| 040 | |a Sz1 | ||
| 041 | |a hun | ||
| 100 | 1 | |a BENKŐ Samu | |
| 245 | 1 | 0 | |a Toleráns nemzeti kultúrák |c BENKŐ Samu |
| 695 | |a politikatörténet | ||
| 695 | |a művelődéstörténet | ||
| 695 | |a transzilvanizmus | ||
| 695 | |a erdélyiség-tudat | ||
| 695 | |a kisebbségi kérdés | ||
| 695 | |a nemzetállam | ||
| 695 | |a Erdély | ||
| 773 | 0 | |t Korunk. - |g 10 sz., 1991, 1210-1212 p. | |